Meeting the agenda (Record no. 76613)

MARC details
000 -LEADER
fixed length control field 00915cab a2200181 4500
001 - CONTROL NUMBER
control field ##L132765
008 - FIXED-LENGTH DATA ELEMENTS--GENERAL INFORMATION
fixed length control field 060307n2006 000 0 eng u
035 ## - SYSTEM CONTROL NUMBER
System control number (Sirsi) u132765
041 0# - LANGUAGE CODE
Language code of text/sound track or separate title eng
100 1# - MAIN ENTRY--PERSONAL NAME
Personal name Harris, Mark
245 00 - TITLE STATEMENT
Title Meeting the agenda
260 ## - PUBLICATION, DISTRIBUTION, ETC.
Date of publication, distribution, etc. 2006
490 #0 - SERIES STATEMENT
Series statement RICS Building Control
Volume/sequential designation (167) March 2006, 10-11(2)
520 ## - SUMMARY, ETC.
Summary, etc. Examines some of the misconceptions that have arisen on the subject of sustainability, and considers some of the ways in which construction can help to put the idea of sustainability into practice. Emphasises that this involves not only assessing the environmental impact of construction methods, and the economic and sociological effects of the development, but also related issues such as transport, waste, and health and safety.
590 ## - LOCAL NOTE (RLIN)
Local note IKA140306
690 ## - LOCAL SUBJECT ADDED ENTRY--TOPICAL TERM (OCLC, RLIN)
Topical term or geographic name as entry element ENVIRONMENTAL AND LAND CONSULTANCY-SUSTAINABILITY-SUSTAINABLE DEVELOPMENT
942 ## - ADDED ENTRY ELEMENTS (KOHA)
Suppress in OPAC 0
Holdings
Withdrawn status Lost status Source of classification or shelving scheme Damaged status Not for loan Home library Current library Shelving location Date acquired Total Checkouts Full call number Barcode Date last seen Copy number Price effective from Koha item type
    Dewey Decimal Classification     London London Journal article 07/03/2006   L132765 132765-1001 06/08/2019 1 06/08/2019 Journal article